| 000 | 00493cam a2200157 4500500 | ||
|---|---|---|---|
| 005 | 20260111113524.0 | ||
| 041 | _afre | ||
| 042 | _adc | ||
| 100 | 1 | 0 |
_aRey, Christian _eauthor |
| 700 | 1 | 0 |
_aBergès-Bounes, Marika _eauthor |
| 245 | 0 | 0 | _aL'enfant et le symbolique |
| 260 | _c2007. | ||
| 500 | _a53 | ||
| 786 | 0 | _nLa revue lacanienne | 4 | 4 | 2007-12-01 | p. 90-94 | 1967-2055 | |
| 856 | 4 | 1 | _uhttps://shs.cairn.info/revue-la-revue-lacanienne-2007-4-page-90?lang=fr&redirect-ssocas=7080 |
| 999 |
_c1632794 _d1632794 |
||